Statistiques concernant They Shoot Pictures, Don't They? - films 181 à 200

Cliquez ici pour prendre le quiz!

Statistiques générales

  • Ce quiz a été pris 35 fois
  • Le résultat moyen est 5 sur 20

Statistiques - réponses

Réponse% Correct
Portrait de la jeune fille en feu
86%
Napoléon
69%
Ran
52%
Johnny Guitare
41%
Salò ou les 120 jounées de Sodome
41%
The Tree of Life
41%
Le Narcisse Noir
31%
Mouchette
31%
Rocco et ses frères
31%
Les Nuits de Cabiria
28%
Le Dernier des hommes
17%
Vampyr
14%
Falstaff
10%
La Nuit
10%
Un cœur pris au piège
7%
La Cité des douleurs
3%
La Griffe du passé
3%
Païsa
3%
Printemps dans une petite ville
3%
Seuls les anges ont des ailes
0%

Distribution des résultats

Percentile par nombre de réponses

% des personnes avec chaque résultat

Votre développement - résultats

Vous n’avez pas pris ce quiz